[Event "Floripa Chess Open 2024"]
[Site "Florianopolis"]
[Date "2024.01.26"]
[Round "8.209"]
[White "Luzzi Meli, Pedro Allonso"]
[Black "Balbinotti, Rafael Tiago Busane"]
[Result "0-1"]
[WhiteElo "1800"]
[BlackElo "1345"]
[PlyCount "93"]
[EventDate "2024.01.20"]
[EventRounds "10"]
[EventCountry "BRA"]

1. c4 c6 2. d3 d5 3. cxd5 ({RR} 3. Qc2 Nf6 4. g3 g6 5. Bg2 Bg7 6. Nf3 Bg4 7. b4
Nbd7 8. Bb2 O-O 9. h3 Bxf3 10. Bxf3 e6 11. O-O Ne8 12. Bxg7 Nxg7 13. Nd2 Nf5
14. Nb3 Ne5 15. Bg2 Qb6 16. a3 Rad8 17. c5 Qc7 {Semenov,A (2355)-Krstic,M 
(2290) Becici 1994 0-1 (34)}) ({RR} 3. Nd2 Bf5 4. e4 dxe4 5. dxe4 Bg6 6. g3 e6
7. Bg2 Bd6 8. Ngf3 Bc7 9. O-O Nf6 10. Re1 O-O 11. e5 Nfd7 12. b4 Nb6 13. c5 Nd5
14. Qb3 Nd7 15. Bb2 h6 16. Rac1 Re8 17. Nc4 Rb8 {Karapetrov,E (1595)
-Ukrainskaya,I Taganrog RUS 2019 1-0 (47)}) 3... cxd5 4. g3 g6 $146 ({RR} 4...
Nf6 5. Bg2 Nc6 6. Nf3 Bg4 7. Nbd2 e6 8. O-O Be7 9. a3 a5 10. h3 Bh5 11. b3 O-O
12. Bb2 Qb6 13. Re1 Rfd8 14. Rc1 Rac8 15. e4 dxe4 16. dxe4 Bc5 17. Qe2 Bd4 18.
Rb1 Bxb2 19. Rxb2 {Vagin,D-Bukh,B St Petersburg 1998 1/2-1/2 (64)}) ({RR} 4...
Bf5 5. Nf3 h6 6. Bg2 e6 7. O-O Nf6 8. Nbd2 Be7 9. b3 O-O 10. Bb2 Nbd7 11. a3
Rc8 12. Rc1 Rc7 13. Rxc7 Qxc7 14. Qc1 Rc8 15. Qxc7 Rxc7 16. Rc1 Rxc1+ 17. Bxc1
Bc5 18. b4 Bd6 19. Bb2 {Cosmulescu,A (1690)-Bogdan,H Voineasa 2008 1/2-1/2 (38)
}) ({RR} 4... Nf6 5. Bg2 e6 6. Nc3 Be7 7. Nf3 O-O 8. O-O Nc6 9. Bf4 a6 10. a3
Bd6 11. Bxd6 Qxd6 12. b4 b5 13. Qb3 d4 14. Na2 Bd7 15. Rac1 Rac8 16. Rc2 Rc7
17. Rfc1 Rfc8 18. Qb2 e5 19. Ng5 {Szafranski,M (1439)-Zakrzewski,B (1554)
Poznan 2017 1/2-1/2 (53)}) 5. Bg2 Nf6 6. Nc3 Be6 7. Qb3 Qd7 8. Qb5 a6 9. Qxd7+
Nbxd7 10. e3 Bg7 11. Nge2 O-O 12. Nd4 Nb6 13. Nxe6 fxe6 14. Bh3 Kf7 15. O-O
Rac8 16. Ne2 Rfd8 17. Nd4 Rd6 18. b3 Nfd7 19. Ba3 Nc5 20. Rac1 Bxd4 21. exd4
Nxd3 22. Rxc8 Nxc8 23. Bxd6 Nxd6 24. Rd1 Nb4 25. Rd2 Nc6 26. Kf1 Nb5 27. Ke2
Nbxd4+ 28. Kd3 Kf6 29. Kc3 Nf3 30. Re2 Ng5 31. Bf1 Ne4+ 32. Kb2 Nd4 33. Re3
Nxf2 34. Kc3 Nb5+ 35. Bxb5 Nd1+ 36. Kd2 Nxe3 37. Bxa6 bxa6 38. Kxe3 Ke5 39. Kd3
Kd6 40. b4 e5 41. a4 e4+ 42. Ke3 e5 43. h3 h5 44. h4 Kc6 45. Ke2 d4 46. Kd2 Kb6
47. Ke1 0-1

[Event "Floripa Chess Open 2024"]
[Site "Florianopolis"]
[Date "2024.01.26"]
[Round "8.210"]
[White "Mantovani, Helio Cardoso"]
[Black "Fraga, Sofia Carneiro"]
[Result "1/2-1/2"]
[WhiteElo "1382"]
[BlackElo "1174"]
[PlyCount "54"]
[EventDate "2024.01.20"]
[EventRounds "10"]
[EventCountry "BRA"]

1. d4 Nf6 2. Nf3 g6 3. e3 Bg7 4. Bd3 O-O 5. Nbd2 d6 6. b3 ({RR} 6. Qe2 Nbd7 7.
c4 c5 8. d5 Re8 9. O-O b5 10. Rb1 Bb7 11. b3 e6 12. Bb2 exd5 13. Bxf6 Nxf6 14.
cxd5 Nxd5 15. Ne4 Rxe4 16. Bxe4 Nc3 17. Qe1 Bxe4 18. Rc1 b4 19. Qd2 Qf6 20. Ne1
Rd8 {Kunzman,H-Rehbein,U (1774) Vellmar GER 2019 0-1 (34)}) 6... Nc6 ({RR} 6...
c5 7. Bb2 cxd4 8. exd4 Nc6 9. O-O Qc7 10. c4 Nh5 11. Qb1 e5 12. dxe5 dxe5 13.
Be4 Nf4 14. Re1 f6 15. g3 Nh3+ 16. Kg2 Bg4 17. a3 f5 18. Bd5+ Kh8 19. b4 e4 20.
Bxc6 bxc6 21. Ng1 {Wager,J (2088)-Hillarp Persson,T (2555) Vale 2014 0-1 (35)})
7. Bb2 Re8 $146 ({RR} 7... e5 8. dxe5 Ng4 9. Nc4 Ngxe5 10. Nfxe5 Nxe5 11. Nxe5
Bxe5 12. Bxe5 dxe5 13. Be4 c6 14. O-O Be6 {1/2-1/2 (14) Vozza,N (2005)
-Mercandelli,C (2105) Imperia 2005}) ({RR} 7... e5 8. O-O Re8 9. dxe5 Ng4 10.
Bb5 Ngxe5 11. Nxe5 Bxe5 12. Bxe5 Rxe5 13. Be2 f5 14. Nf3 Re8 15. Bc4+ Kg7 16.
Bb5 Bd7 17. Nd4 a6 18. Nxc6 Bxc6 19. Bxc6 bxc6 20. Qd3 Qf6 21. c4 c5 22. a3 {
Jazdanovs,A (1624)-Gitin,A Budva 2013 1/2-1/2 (48)}) ({RR} 7... e5 8. dxe5 dxe5
9. Nxe5 Ng4 10. Nxc6 bxc6 11. Bxg7 Kxg7 12. O-O Qh4 13. Nf3 Qe7 14. Qd2 f5 15.
Qc3+ Kf7 16. Qxc6 Be6 17. h3 Nf6 18. Ng5+ Kg7 19. Nxe6+ Kf7 20. Nxf8 Qxf8 21.
Bc4+ Kg7 22. Qxc7+ {Lehaci,M (1445)-Lin,S Maribor 2012 1-0 (35)}) 8. Bb5 Bd7 9.
O-O a6 10. Bd3 e5 11. dxe5 dxe5 12. e4 Bg4 13. h3 Bxf3 14. Nxf3 Nd4 15. Re1 c5
16. c3 Nc6 17. Bc4 b5 18. Bf1 Qxd1 19. Raxd1 Rad8 20. Bd3 Na5 21. Bc2 Nc6 22.
Bb1 Rd7 23. Rxd7 Nxd7 24. Rd1 Rd8 25. Kf1 Nb6 26. Rxd8+ Nxd8 27. Bd3 Nc6
1/2-1/2

[Event "Floripa Chess Open 2024"]
[Site "Florianopolis"]
[Date "2024.01.26"]
[Round "8.211"]
[White "Zottis, Ernani"]
[Black "Da Silva Junior, Jose Cacio"]
[Result "1/2-1/2"]
[WhiteElo "1335"]
[BlackElo "1139"]
[PlyCount "63"]
[EventDate "2024.01.20"]
[EventRounds "10"]
[EventCountry "BRA"]

1. e4 d5 2. exd5 Qxd5 3. Nc3 Qa5 4. g3 Nf6 5. Bg2 c6 6. Nf3 Bf5 7. O-O e6 8. d4
({RR} 8. d3 Be7 9. Bf4 O-O 10. Qd2 Qd8 11. a3 Nbd7 12. b4 a6 13. h3 Nd5 14.
Nxd5 exd5 15. Nd4 Bg6 16. Rae1 Re8 17. Nb3 Nf8 18. Be3 Ne6 19. f4 f5 20. Qf2
Bf7 21. Bb6 Qd7 22. Rd1 Bh5 {Vasiukov,E (2515)-Bagirov,V (2530) St Petersburg
1995 1/2-1/2 (56)}) 8... Be7 ({RR} 8... Bd6 9. Bd2 Qc7 10. Re1 Nbd7 11. h3
O-O-O 12. Nh4 Bg6 13. Qf3 Rhe8 14. Bg5 h6 15. Bxf6 gxf6 16. Ne4 Bxe4 17. Qxe4
Rg8 18. Qh7 Rdf8 19. Qxh6 Rh8 20. Qe3 f5 21. f4 Rfg8 22. Rf1 Nf6 23. Kh2 {
Tveten,P (1500)-Ofstad,P (2064) Bled SLO 2018 0-1 (31)}) 9. Bd2 $146 ({RR} 9.
Qe2 O-O 10. h3 Rd8 11. a3 h6 12. Bf4 Nd5 13. Bd2 Qa6 14. Qd1 Nxc3 15. bxc3 Nd7
16. a4 Rac8 17. Re1 c5 18. g4 Bh7 19. d5 Nf8 20. Nh2 Bf6 21. f4 Qd6 22. Rb1 b6
23. c4 Ng6 {Skripchenko,A (2400)-Kadimova,I (2305) Halle 1995 1/2-1/2 (37)}) ({
RR} 9. Re1 O-O 10. Bd2 Qc7 11. Bf4 Bd6 12. Bxd6 Qxd6 13. Ne5 Rd8 14. Ne2 Nbd7
15. f4 Nd5 16. Qd2 N7f6 17. c4 Qb4 18. Qxb4 Nxb4 19. Red1 Nc2 20. Rac1 Ne3 21.
Re1 Nxg2 22. Kxg2 Rd6 23. Rcd1 Rad8 {Afandiyev,A-Ryvova,A (1972) Liverpool
2011 0-1 (51)}) ({RR} 9. Ne5 Nbd7 10. Nc4 Qb4 11. Qe2 Nb6 12. Ne5 Qxd4 13. Nxc6
bxc6 14. Bxc6+ Kf8 15. Be3 Qd6 16. Bxa8 Nxa8 17. Bxa7 h5 18. Rfd1 Qc6 19. Qb5
Qf3 20. Bc5 Bxc5 21. Qxc5+ Kg8 22. Rd8+ Kh7 23. Rxh8+ Kxh8 {Boidman,Y (2407)
-Kleinegger,F (2242) Dortmund 2003 1/2-1/2 (33)}) 9... O-O 10. Nh4 Nbd7 11. Nd5
Qd8 12. Nxe7+ Qxe7 13. Re1 Bg4 14. f3 Bh5 15. Nf5 Qd8 16. Nd6 Qc7 17. Bf4 Nd5
18. Qd2 Nxf4 19. Qxf4 Nf6 20. c4 Rad8 21. c5 Nd5 22. Qe5 Bg6 23. a3 Qe7 24. Bh3
Qf6 25. Qxf6 Nxf6 26. b4 Rd7 27. Rad1 Ne8 28. Nc4 h6 29. Ne5 Re7 30. Re3 Nf6
31. f4 Ng4 32. Nxg4 1/2-1/2

[Event "Floripa Chess Open 2024"]
[Site "Florianopolis"]
[Date "2024.01.26"]
[Round "8.212"]
[White "Nunes, Alice"]
[Black "Makowski, Silvia Cristina"]
[Result "1/2-1/2"]
[WhiteElo "1274"]
[BlackElo "1054"]
[PlyCount "39"]
[EventDate "2024.01.20"]
[EventRounds "10"]
[EventCountry "BRA"]

1. e4 c5 2. Nf3 g6 3. Nc3 Bg7 4. Bc4 Nc6 5. O-O d6 6. d3 Nf6 7. Bg5 O-O 8. h3 (
{RR} 8. Qd2 Na5 9. Rfe1 Nxc4 10. dxc4 b6 11. h3 Bb7 12. Rad1 Re8 13. Qf4 Qc8
14. Qh4 Qc6 15. Rd3 Rad8 16. b3 a6 17. Nd5 Nxd5 18. exd5 Qc7 19. Bxe7 Rd7 20.
Rde3 Qc8 21. Ng5 h6 22. Nf3 Ba8 {Moiseev,I (2349)-Motrenko,N Kiev 2005 1-0}) ({
RR} 8. Qd2 Bg4 9. Qe3 Bxf3 10. Qxf3 Nd4 11. Qd1 Qb6 12. Rb1 a6 13. Bxf6 Bxf6
14. Nd5 Qc6 15. Nxf6+ exf6 16. c3 Nb5 17. Qf3 Kg7 18. Rfe1 Nc7 19. Qg4 b5 20.
Bb3 c4 21. dxc4 bxc4 22. Bc2 Ne6 {Novello,J-Rodrigues Mota,R (1494)
Florianopolis BRA 2019 0-1 (44)}) 8... e6 $146 ({RR} 8... Bd7 9. Re1 a6 10. Bd5
b5 11. a3 Rc8 12. Qd2 Qc7 13. b3 e6 14. Bxc6 Bxc6 15. Rac1 Qb7 16. Re2 d5 17.
exd5 Nxd5 18. Nxd5 Bxd5 19. Qe3 Bxf3 20. Qxf3 Qxf3 21. gxf3 Bb2 22. Rd1 Bxa3
23. Bf6 {Zeeman,Z-Van Nies,P Rijswijk 2001 0-1 (68)}) ({RR} 8... Bd7 9. a3 Nd4
10. Nh4 Be6 11. b4 cxb4 12. axb4 Bxc4 13. dxc4 Nxe4 14. Nxe4 Ne6 15. Bd2 Bxa1
16. Qxa1 d5 17. Ng5 Qd7 18. Nxe6 Qxe6 19. Bh6 f6 20. Bxf8 Kxf8 21. Re1 Qd6 22.
c5 Qc7 23. Rd1 {Baris,F (1220)-Thomas,B (1270) Mulhouse 2005 1/2-1/2}) ({RR} 
8... a6 9. Qd2 b5 10. Bxf6 Bxf6 11. Bd5 Bd7 12. Qh6 e6 13. Rfe1 exd5 14. Nxd5
Bg7 15. Qf4 Ne5 16. d4 Nxf3+ 17. Qxf3 Bxd4 18. Rad1 Be6 19. c3 Be5 20. Qe3 Bxd5
21. Rxd5 Qf6 22. Rf1 Qf4 23. Qxf4 {Fonseca,R-Felix,R (1943) Rio Branco 2015 0-1
}) 9. Re1 a6 10. a4 Qc7 11. Qd2 Bd7 12. Qf4 Nh5 13. Qh4 Ne5 14. Nxe5 Bxe5 15.
g4 Ng7 16. Bf6 Bxf6 17. Qxf6 Qd8 18. Qxd8 Raxd8 19. f3 Ne8 20. Rad1 1/2-1/2

[Event "Floripa Chess Open 2024"]
[Site "Florianopolis"]
[Date "2024.01.26"]
[Round "8.213"]
[White "De Oliveira, Ricardo W Lima"]
[Black "Nunes, Nicole"]
[Result "1/2-1/2"]
[WhiteElo "1800"]
[BlackElo "1253"]
[PlyCount "76"]
[EventDate "2024.01.20"]
[EventRounds "10"]
[EventCountry "BRA"]

1. d4 d5 2. Nf3 Nf6 3. Bf4 e6 4. e3 Nbd7 5. c4 c5 6. Qa4 ({RR} 6. Nc3 cxd4 7.
exd4 Bb4 8. Qb3 Qa5 9. Nd2 O-O 10. Bd3 e5 11. Bxe5 Nxe5 12. dxe5 d4 13. Ncb1
Qxe5+ 14. Kf1 Re8 15. Qd1 Bg4 16. f3 Bf5 17. Bxf5 Qxf5 18. Qb3 a5 {0-1 (18)
Lyrberg,P (2415)-Wu,W (2230) Medellin 1996}) ({RR} 6. Nc3 cxd4 7. exd4 dxc4 8.
Bxc4 Nb6 9. Bb3 Be7 10. O-O O-O 11. Rc1 Nbd5 12. Bg3 b6 13. Ne5 Bb7 14. Qe2 Rc8
15. Nb5 Rxc1 16. Rxc1 Qa8 17. Nc7 Qd8 18. Nxf7 Rxf7 19. Nxe6 Qe8 20. Ng5 Rf8 {
Bogaudinov,R (2123)-Tarasov,D (1934) Moscow RUS 2019 0-1 (35)}) 6... Be7 7. Nc3
a6 8. dxc5 $146 ({RR} 8. Nb5 Kf8 9. Nc7 Ra7 10. Ng5 Nb6 11. Qb3 Na8 12. Nxd5
Nxd5 13. cxd5 Bxg5 14. Bb8 Qa5+ 15. Qc3 Qb6 16. dxc5 Qd8 17. d6 {1-0 (17)
Borbon,O (1955)-Becerra Fonseca,C (1353) Bogota 2016}) 8... Bxc5 9. Rd1 dxc4
10. Bxc4 O-O 11. O-O Qe7 12. a3 Nb6 13. Qb3 Nxc4 14. Qxc4 b5 15. Qe2 Bb7 16. b4
Bb6 17. Bd6 Qe8 18. Nd4 Bxd4 19. Bxf8 Kxf8 20. exd4 Qc6 21. Qf3 Qxf3 22. gxf3
Bxf3 23. Rd3 Bb7 24. a4 Rd8 25. Rc1 bxa4 26. Nxa4 Nd5 27. Rb1 Rc8 28. Nc5 Bc6
29. Ra3 Nf4 30. Nxa6 Be4 31. Rba1 Rc2 32. Nc5 Bd5 33. b5 Ne2+ 34. Kf1 Nxd4 35.
Nd7+ Ke8 36. Nb6 Nxb5 37. Ra5 Nc7 38. Nxd5 Nxd5 1/2-1/2

[Event "Floripa Chess Open 2024"]
[Site "Florianopolis"]
[Date "2024.01.26"]
[Round "8.214"]
[White "Mamede, Miguel Rodrigues"]
[Black "Biazon, Natalia De Oliveira"]
[Result "0-1"]
[WhiteElo "1800"]
[BlackElo "1250"]
[PlyCount "21"]
[EventDate "2024.01.20"]
[EventRounds "10"]
[EventCountry "BRA"]

1. e4 e6 2. d4 d5 3. e5 Ne7 4. Nc3 ({RR} 4. b4 b6 5. Nf3 c5 6. bxc5 bxc5 7.
dxc5 Ba6 8. Bd3 Nec6 9. O-O Bxc5 10. Bf4 Be7 11. Qe2 Qa5 12. Nbd2 O-O 13. Nb3
Qa4 14. Bg5 Bxd3 15. cxd3 Bxg5 16. Nxg5 Nd7 17. d4 h6 18. Nf3 Rfc8 {Milenkovic,
M (2405)-Stojanovic,M (2574) Valjevo 2011 0-1}) ({RR} 4. b4 c6 5. Nf3 Ng6 6.
Bd2 Be7 7. Bd3 O-O 8. h4 f5 9. Ng5 h6 10. Qh5 Nh8 11. g3 Qb6 12. c3 a5 13. g4
Bd7 14. gxf5 exf5 15. e6 Be8 16. Nf7 Bxf7 17. exf7+ Rxf7 18. Bxf5 c5 {Freter,A
(1869)-Stoer,A (1888) Germany 2017 1/2-1/2}) 4... Nf5 $146 ({RR} 4... Ng6 5. g3
c5 6. Bb5+ Nc6 7. dxc5 Bxc5 8. Nf3 Bd7 9. Bxc6 Bxc6 10. Qe2 d4 11. Nb5 Bxf3 12.
Qxf3 Nxe5 13. Qxb7 Rb8 14. Qa6 O-O 15. Bf4 Nf3+ 16. Ke2 Rb6 17. Bc7 Rxa6 18.
Bxd8 Rxd8 19. Kxf3 {Detzel,M-Klein,C Germany 1989 0-1 (67)}) 5. Nf3 c5 6. Be2
Nc6 7. Be3 cxd4 8. Nxd4 Nxe3 9. fxe3 Nxe5 10. O-O Bd6 11. Bb5+ 0-1

[Event "Floripa Chess Open 2024"]
[Site "Florianopolis"]
[Date "2024.01.26"]
[Round "8.215"]
[White "Oga, Dora Mantelle"]
[Black "De Carvalho, Amauri"]
[Result "0-1"]
[WhiteElo "1800"]
[BlackElo "1238"]
[PlyCount "43"]
[EventDate "2024.01.20"]
[EventRounds "10"]
[EventCountry "BRA"]

1. d4 b6 2. c4 d6 3. Nc3 e6 4. e4 g6 5. Be2 Bg7 6. Nf3 Bb7 7. O-O Ne7 8. Bg5
$146 ({RR} 8. Be3 Nd7 9. Qd2 h6 10. Rac1 a6 11. Rfd1 g5 12. h3 Ng6 13. d5 e5
14. g3 Bc8 15. Kg2 a5 16. Nh2 Nc5 17. Bh5 O-O 18. Rg1 Kh7 19. Qe2 f5 20. Bxg6+
Kxg6 21. f3 f4 22. gxf4 exf4 {Gomori,Z (1825)-Hajnal,B (1758) Hungary 2016 0-1
(40)}) 8... h6 9. Bd2 Nd7 10. Rc1 a6 11. h4 Nf6 12. d5 e5 13. Nh2 Bc8 14. f4
Nd7 15. f5 Ng8 16. fxg6 fxg6 17. Bh5 Ndf6 18. Bxg6+ Kf8 19. Qf3 Bd7 20. a4 Be8
21. Bxe8 Kxe8 22. g4 0-1

[Event "Floripa Chess Open 2024"]
[Site "Florianopolis"]
[Date "2024.01.26"]
[Round "8.216"]
[White "Leite, Lucas Bueno De Oliv"]
[Black "Barbetta Silva, Maria Eduarda"]
[Result "1-0"]
[WhiteElo "1227"]
[BlackElo "1800"]
[PlyCount "65"]
[EventDate "2024.01.20"]
[EventRounds "10"]
[EventCountry "BRA"]

1. e4 e6 2. d4 d5 3. e5 c5 4. c3 Bd7 5. Nf3 Nc6 6. Be2 Qb6 7. Nbd2 ({RR} 7. Na3
Nge7 8. Nc2 Nf5 {1/2-1/2 (8) Hevia Alejano,C (2308)-Otero Acosta,D (2473)
Santa Clara 2008}) 7... cxd4 8. Qb3 $146 ({RR} 8. cxd4 Nxd4 9. Nxd4 Qxd4 10.
Nf3 Qxd1+ 11. Bxd1 Bb4+ 12. Bd2 Bxd2+ 13. Kxd2 Rc8 14. Re1 Ne7 15. Re3 Nf5 16.
Ra3 a6 17. Rb3 Bb5 18. Be2 Bxe2 19. Kxe2 Rc7 20. Kd2 Ke7 21. Rc1 Kd7 22. Rxc7+
Kxc7 {Metzger,M-Hardtke,K Fischbek 1997 1-0 (55)}) ({RR} 8. cxd4 Nxd4 9. Nxd4
Qxd4 10. Nf3 Bb4+ 11. Bd2 Qxb2 12. O-O Bxd2 13. Nxd2 Qxe5 14. Nf3 Qd6 15. Rb1
Bc6 16. Qd4 Nf6 17. Ne5 O-O 18. Nxc6 bxc6 19. Rb7 c5 20. Qa4 Rfb8 21. Rxa7 Rxa7
22. Qxa7 Qb6 {Duarte,A-Bonvini,A (1536) Sao Sebastiao do Paraiso 2017 0-1}) ({
RR} 8. cxd4 Nxd4 9. Nxd4 Qxd4 10. Nf3 Qxd1+ 11. Bxd1 Rc8 12. Bd2 Ne7 13. a3 Nc6
14. Rc1 Be7 15. O-O O-O 16. Bc3 h6 17. Be2 a6 18. Rc2 Na7 19. Rfc1 Ba4 20. Rd2
Nb5 21. Bxb5 Bxb5 22. Nd4 Bg5 {Singh,G (2284)-Kluever,H Pinneberg 2001 0-1 (52)
}) ({RR} 8. cxd4 Nxd4 9. Nb3 Nxf3+ 10. Bxf3 Ba4 11. O-O Bxb3 12. Qxb3 Qxb3 13.
axb3 f6 14. exf6 Nxf6 15. Be3 a6 16. Rfc1 Be7 17. Rc7 Rb8 18. Ba7 Rd8 19. Rxb7
Rc8 20. Be3 Kf7 21. g3 Rc2 22. Rxa6 Rxb2 {Naundorf,J (1244)-Kottwitz,M
Ditzingen 2006 1-0 (51)}) 8... Qxb3 9. axb3 dxc3 10. bxc3 Nge7 11. Bd3 g6 12.
Nf1 Bg7 13. Bf4 O-O 14. Rc1 Nf5 15. Bb5 a6 16. Bxc6 Bxc6 17. Nd4 Rac8 18. h3 b5
19. Ra1 Bb7 20. Kd2 Rc7 21. Nh2 Rfc8 22. Rhc1 h6 23. Nhf3 g5 24. Bh2 Rd7 25. g4
Ne7 26. b4 f6 27. Nxe6 fxe5 28. Nxg7 Kxg7 29. Nxe5 Rdd8 30. Nd3 Nc6 31. Nc5 Kg6
32. Nxb7 Rf8 33. Bg3 1-0

[Event "Floripa Chess Open 2024"]
[Site "Florianopolis"]
[Date "2024.01.26"]
[Round "8.217"]
[White "Kinaki, Giannini Tonial"]
[Black "Alves, Lucas Fernando"]
[Result "1/2-1/2"]
[WhiteElo "1800"]
[BlackElo "1216"]
[PlyCount "78"]
[EventDate "2024.01.20"]
[EventRounds "10"]
[EventCountry "BRA"]

1. d4 Nf6 2. c4 e5 3. dxe5 Ng4 4. Nc3 Bb4 5. Bd2 Nxe5 6. e3 d6 7. a3 Bxc3 $146
({RR} 7... Ba5 8. Nf3 Nbc6 9. Nd4 O-O 10. Qc2 Qe8 11. Be2 Nxd4 12. exd4 Nxc4
13. b4 Bb6 14. Nd5 Nxd2 15. Qxd2 Qe4 16. Nxb6 Qxg2 17. O-O-O axb6 18. Rhg1 Qc6+
19. Kb2 Bf5 20. h4 Qa4 21. Rg3 c5 22. dxc5 {Novakovic,D-Zivanovic,Z Serbia
2007 0-1 (39)}) 8. Bxc3 Nbc6 9. f4 Ng6 10. Nf3 O-O 11. Bd3 Nh4 12. O-O Bg4 13.
Be2 Nf5 14. Qd2 Re8 15. Bd3 Nxe3 16. Rfe1 Nf5 17. Rxe8+ Qxe8 18. Re1 Qd7 19. b4
Bxf3 20. gxf3 Ncd4 21. Qg2 g6 22. Bxf5 Nxf5 23. Qe2 Qc6 24. b5 Qc5+ 25. Kh1 Ng7
26. Qe7 Qf5 27. Qxc7 Qxf4 28. Kg2 Qg5+ 29. Kf2 Qh4+ 30. Kg2 Qg5+ 31. Kh1 Qf5
32. Qxb7 Rc8 33. Re3 Rxc4 34. Qxa7 Rxc3 35. Rxc3 Qb1+ 36. Kg2 Qf5 37. b6 Qb5
38. Rc8+ Ne8 39. Rxe8+ Kg7 1/2-1/2

[Event "Floripa Chess Open 2024"]
[Site "Florianopolis"]
[Date "2024.01.26"]
[Round "8.218"]
[White "Orsini, Sarah De Oliveira"]
[Black "Leite, Gina Dourado Rocha"]
[Result "1/2-1/2"]
[WhiteElo "1685"]
[BlackElo "1418"]
[PlyCount "20"]
[EventDate "2024.01.20"]
[EventRounds "10"]
[EventCountry "BRA"]

1. d4 d5 2. e4 g6 3. Nc3 Bg7 4. Nf3 c6 5. Bd3 Nd7 $146 ({RR} 5... Bg4 6. Be3 e5
7. Be2 Bxf3 8. Bxf3 c5 9. Nxd5 cxd4 10. Bd2 Nc6 11. O-O Nge7 12. Nxe7 Qxe7 13.
c3 O-O 14. cxd4 exd4 15. Rc1 Qe6 16. Qb3 Qxb3 17. axb3 Rfe8 18. g3 Ne5 19. Bg2
Rac8 20. Rxc8 {Tashkhodzhaev,A-Roizman,A Moscow (Russia) 1972 0-1 (40)}) ({RR} 
5... Bg4 6. h3 Bxf3 7. Qxf3 e6 8. Be3 Nf6 9. O-O-O dxe4 10. Nxe4 Nxe4 11. Bxe4
Nd7 12. c4 Qa5 13. Kb1 O-O 14. g4 c5 15. Bc2 Qb6 16. Qe4 Rad8 17. b3 cxd4 18.
Bxd4 Nc5 19. Qe3 Rxd4 20. Rxd4 {Vocaturo,D (2557)-Del Rio de Angelis,S (2556)
Atarrabia 2016 0-1 (52)}) ({RR} 5... dxe4 6. Bxe4 Nf6 7. Bd3 O-O 8. h3 Nbd7 9.
Be3 Nb6 10. Qd2 Nbd5 11. Nxd5 Nxd5 12. Bh6 Qb6 13. O-O-O Nb4 14. Bc4 Be6 15.
Bxe6 fxe6 16. Bxg7 Kxg7 17. Kb1 Rxf3 18. gxf3 a5 19. h4 a4 20. a3 {
Nithyalakshmi,S (1945)-Czerw,D (2401) chess.com INT 2021 1/2-1/2 (44)}) ({RR} 
5... Bg4 6. exd5 cxd5 7. h3 Bxf3 8. Qxf3 e6 9. Ne2 Nc6 10. c3 Nge7 11. Bg5 O-O
12. Bf6 Bxf6 13. Qxf6 Nc8 14. Qxd8 Rxd8 15. O-O-O Nd6 16. Rhe1 b5 17. a3 a5 18.
b3 a4 19. b4 Ne7 20. Ng1 {Eley,B-Besser,H Attendorn 1972 1/2-1/2 (43)}) ({RR} 
5... Bg4 6. O-O Nf6 7. e5 Nfd7 8. h3 Bxf3 9. Qxf3 e6 10. Re1 a6 11. Qg3 b5 12.
h4 b4 13. Ne2 c5 14. c3 Nc6 15. h5 bxc3 16. bxc3 cxd4 17. cxd4 Qa5 18. Be3 Bf8
19. Nf4 gxh5 20. Nxh5 {Dueball,J-Cordovil,J Nice 1974 1-0 (36)}) 6. O-O e5 7.
Bg5 Ngf6 8. dxe5 dxe4 9. Nxe4 Qe7 10. Bxf6 Qxf6 1/2-1/2

[Event "Floripa Chess Open 2024"]
[Site "Florianopolis"]
[Date "2024.01.26"]
[Round "8.219"]
[White "Damasio, Fabio Ferreira"]
[Black "Nogueira, Manuela Mahara Buch"]
[Result "1-0"]
[WhiteElo "1296"]
[BlackElo "1666"]
[PlyCount "49"]
[EventDate "2024.01.20"]
[EventRounds "10"]
[EventCountry "BRA"]

1. e4 e5 2. Nf3 Nc6 3. Bb5 Bc5 4. O-O Nf6 5. d3 O-O 6. Bxc6 dxc6 7. Nxe5 Be6 ({
RR} 7... Re8 8. Nc4 Bg4 9. Qe1 Qd7 10. Be3 Bf8 11. Bg5 Nd5 12. Ne3 Nxe3 13.
Bxe3 f5 14. f3 Bh5 15. Nc3 Rad8 16. Qh4 Bf7 17. Bg5 Rc8 18. Rae1 h6 19. Be3 b6
20. exf5 Qxf5 21. Ne4 c5 22. b3 {Guliev,L (2273)-Gabrielian,A (2460) chess.com
INT 2021 1-0 (33)}) 8. Bg5 Be7 $146 ({RR} 8... Bd4 9. Nc4 h6 10. Bxf6 Qxf6 11.
c3 Bb6 12. Nbd2 Rad8 13. Nf3 Qg6 14. Kh1 Bxc4 15. Ne5 Qg5 16. Nxc4 Rfe8 17.
Nxb6 axb6 18. Qf3 Re5 19. Rad1 Qh4 20. Qg3 Qh5 21. Qf3 Qh4 22. Qh3 Qf4 23. Qg3
{Mackova,V (1100)-Bohanesova,V (1100) Sec u Chrudimi 2007 1-0 (76)}) ({RR} 8...
h6 9. Bxf6 Qxf6 10. Nf3 Qxb2 11. Nbd2 Qf6 12. Nb3 Bd6 13. e5 Bxe5 14. Nxe5 Qxe5
15. d4 Qg5 16. g3 Rad8 17. Nc5 Bc4 18. Re1 b6 19. Ne4 Qf5 20. g4 Qf4 21. Rb1 c5
22. d5 Bxd5 23. Qe2 {Schloegl,S-Leitinger,L St Poelten 2009 0-1 (33)}) 9. Nd2
Nd7 10. Nxd7 Qxd7 11. Be3 Bd6 12. f4 Bg4 13. Qe1 Be6 14. f5 Bxf5 15. Rxf5 Rfe8
16. Nc4 c5 17. Nxd6 cxd6 18. Qg3 d5 19. Rxd5 Qe7 20. Bxc5 Qf6 21. Bd4 Qg6 22.
Rg5 Qc6 23. Rxg7+ Kf8 24. Qg5 Rad8 25. Rg8# 1-0

[Event "Floripa Chess Open 2024"]
[Site "Florianopolis"]
[Date "2024.01.26"]
[Round "8.220"]
[White "Rolim, Claudia Vitoria Fer"]
[Black "Goncalves, Maria Talissa Neves"]
[Result "1/2-1/2"]
[WhiteElo "1745"]
[BlackElo "1224"]
[PlyCount "51"]
[EventDate "2024.01.20"]
[EventRounds "10"]
[EventCountry "BRA"]

1. e4 e5 2. Nf3 Nc6 3. Bc4 Nf6 4. d3 d6 5. c3 Be7 6. O-O d5 ({RR} 6... Bg4 7.
h3 Bh5 8. Bb3 Qd7 9. Be3 g5 10. Bxg5 Rg8 11. Bxf6 Bxf6 12. Kh2 O-O-O 13. Nbd2
Bg5 14. Nc4 f5 15. Ne3 fxe4 16. dxe4 Rgf8 17. Nxg5 Bxd1 18. Be6 Be2 19. Rfe1
Bd3 20. Bxd7+ Kxd7 21. Rad1 {Tiviakov,S (2686)-Bacrot,E (2705) Ajaccio 2008
1-0 (82)}) ({RR} 6... Bg4 7. h3 Bh5 8. Bg5 O-O 9. Nbd2 Na5 10. Bb5 a6 11. Ba4
b5 12. Bc2 c5 13. Re1 Nc6 14. Nf1 h6 15. Bd2 a5 16. Ng3 Bg6 17. Nh4 Re8 18.
Nhf5 Bf8 19. a3 Qd7 20. Qf3 Reb8 21. Nxh6+ {Korcz,D (1742)-Fraczek,L (1908)
Chorzow 2009 0-1 (50)}) 7. exd5 Nxd5 8. Bb5 $146 ({RR} 8. Qe1 f6 9. Nbd2 Bg4
10. Qe4 Be6 11. Nd4 Nxd4 12. cxd4 Qd6 13. dxe5 Qxe5 14. Qxe5 fxe5 15. Nf3 Bf6
16. Re1 O-O-O 17. Nxe5 Rhe8 18. Nf3 c6 19. a4 Bg4 20. Rxe8 Rxe8 21. Kf1 Bxf3
22. gxf3 Nb4 {Roos,K (1994)-Bloss,S (1969) Germany 2004 0-1 (62)}) ({RR} 8. Re1
Bg4 9. h3 Bxf3 10. Qxf3 Nf6 11. Bb5 Qd6 12. Nd2 Rd8 13. Nc4 Qd5 14. Bxc6+ Qxc6
15. Qxc6+ bxc6 16. Nxe5 Rd6 17. d4 c5 18. Be3 O-O 19. dxc5 Rd5 20. Nf3 Bxc5 21.
Bxc5 Rxc5 22. Rad1 h6 {Machauer,M (1613)-Weindel,W (1463) Oberwinden 2007 1/
2-1/2}) 8... f6 9. c4 Nb6 10. Re1 O-O 11. Nbd2 Kh8 12. Nf1 Bf5 13. Ng3 Bxd3 14.
b3 Bg6 15. Qe2 Nd7 16. Rd1 Qe8 17. Nh4 Rd8 18. Nxg6+ Qxg6 19. Bb2 Bd6 20. Qf3
f5 21. Bxc6 bxc6 22. Qxc6 f4 23. Ne4 f3 24. g3 Qg4 25. Bc3 Qh3 26. Re1 1/2-1/2